000 02803cam a22006614a 4500
001 muse77559
003 MdBmJHUP
005 20210127151347.0
006 m o d
007 cr||||||||nn|n
008 181008s1941 mx o 00 0 spa d
020 _a9786076283387
020 _z6076283386
035 _a(OCoLC)1115087081
040 _aMdBmJHUP
_cMdBmJHUP
041 0 _aspa
043 _ae-gr---
050 4 _aPA3013
_b.R4 1941eb
082 0 _a880.1
_223
100 1 _aReyes, Alfonso,
_d1889-1959,
_eauthor.
245 1 3 _aLa crítica en la edad ateniense
_b600 a 300 A.C. /
_cAlfonso Reyes.
250 _aFirst edition
264 1 _bEl Colegio de Mexico,
264 3 _bProject MUSE,
300 _a1 online resource (1 online resource 3 preliminary leaves, [9]-379, [4] pages)
500 _aIncludes index.
500 _aLa Facultad de filosofía y letras de la Universidad nacional de Mexico organizó unos cursos extraordinarios de inviero al comenzar el año de 1941. Este libro se funda en las lecciones que, como parte de dichos cursos, se desarrollaron del 7 de enero al 11 de Febrero."--Noticia.
500 _a"Correcciones importantes," slip inserted.
506 0 _aOpen Access
_fUnrestricted online access
_2star
546 _aIn Spanish
583 1 _adigitized
_c2010
_hHathiTrust Digital Library
_lcommitted to preserve
_2pda
_5MiAaHDL
588 0 _aDescription based on print version record.
650 0 _aLITERARY CRITICISM / Ancient & Classical
_2bisacsh
650 0 0 _aGeschichte 600 v. Chr.-300 v. Chr.
_2swd
650 0 0 _aGeistesgeschichte 600 v. Chr.-300 v. Chr.
_2swd
650 0 _aKulturkritik
_2gnd
_0(DE-588)4033572-0
650 0 _aLiteraturkritik
_2gnd
_0(DE-588)4036020-9
650 0 _aCriticism.
_2fast
_0(OCoLC)fst00883735
650 0 _aCriticism
_zGreece
_zAthens
_xHistory
_yTo 1500.
650 0 _aCriticism
_xHistory
_yTo 1500.
651 0 _aAthen.
_2swd
651 0 _aGreece
_zAthens.
_2fast
_0(OCoLC)fst01204474
648 7 _aTo 1500
_2fast
655 0 _aHistory.
_2fast
_0(OCoLC)fst01411628
655 0 _aElectronic books.
_2lcgft
655 0 _aElectronic books.
655 7 _aElectronic books.
_2local
710 2 _aProject Muse.
_e distributor
776 1 8 _iPrint version:
_tCrítica en la edad ateniense (600 a 300 A.C.).
_d[Mexico] El Colegio de Mexico [1941]
_w(DLC) 42010124
_w(OCoLC)2194313
710 2 _aProject Muse.
_edistributor
830 0 _aBook collections on Project MUSE.
830 0 _aBook collections on Project MUSE.
856 4 0 _zFull text available:
_uhttps://muse.jhu.edu/book/67523/
999 _c25515
_d25515